00453cam a2200181ua 4500001000500000005001700005008003900022020001800061040000900079041000800088082001200096100003600108245004400144250001200188260004600200300001000246653001500256968520260515114518.0160319n ii |||gr||||Z||||||hin a9788190866835 cMAIN ahin a891.431 aSahay, Alakh Niranjan,eEditor.1 aKabyanjaliced. by Alakh Niranjan Sahay a3rd ed. aDibrugarh:bMahaveer publications,c2015. a116p. aHindi poem